Statistiques concernant Prénoms de 25 hommes célébres - Part II

Cliquez ici pour prendre le quiz!

Statistiques générales

  • Ce quiz a été pris 2,256 fois
  • Le résultat moyen est 16 sur 25

Statistiques - réponses

Nom Prénom % Correct
HugoVictor
97%
Luther KingMartin
97%
MarxKarl
91%
DisneyWalt
90%
LincolnAbraham
88%
EiffelAlexandre Gustave
86%
PoeEdgar Allan
86%
HooverJohn Edgar
86%
DaliSalvador
85%
Poquelin (Molière)Jean Baptiste
84%
MozartWolfgang Amadeus
83%
Van GoghVincent
83%
RimbaudArthur
81%
FreudSigmund
78%
(van) BeethovenLudwig
76%
JeffersonThomas
69%
DescartesRené
64%
BellAlexander Graham
50%
Arouet (Voltaire)François Marie
42%
BraqueGeorges
39%
La FayetteMarie Joseph
18%
Baden-PowellRobert
16%
LeeRobert Edward
16%
BartholdiAuguste
13%
GandhiMohandas Karamchand
12%

Distribution des résultats

Percentile by Number Answered

% des personnes avec chaque résultat

Votre développement - résultats

Vous n’avez pas pris ce quiz